Statistics for Harry Potter Chapter Titles Matching

Click here to take the quiz!

General Stats

  • This quiz has been taken 80 times
  • The average score is 20 of 28

Answer Stats

QuestionAnswer% Correct
The Boy Who LivedPhilosopher's Stone
97%
The Heir of SlytherinChamber of Secrets
95%
Godric's HollowDeathly Hallows
95%
Cat, Rat, and DogPrisoner of Azkaban
93%
The Tale of the Three BrothersDeathly Hallows
92%
The Writing on the WallChamber of Secrets
89%
The Noble and Most Ancient House of BlackOrder of the Phoenix
89%
Flight of the Fat LadyPrisoner of Azkaban
88%
The Seven PottersDeathly Hallows
86%
Flesh, Blood, and BoneGoblet of Fire
85%
Felix FelicisHalf-Blood Prince
84%
The CaveHalf-Blood Prince
81%
The Unforgivable CursesGoblet of Fire
79%
Through the TrapdoorPhilosopher's Stone
78%
A Sluggish MemoryHalf-Blood Prince
74%
Hermione's SecretPrisoner of Azkaban
74%
The Weighing of the WandsGoblet of Fire
71%
The Midnight DuelPhilosopher's Stone
70%
The Vanishing GlassPhilosopher's Stone
62%
The Servant of Lord VoldemortPrisoner of Azkaban
62%
The Deathday PartyChamber of Secrets
60%
The Other MinisterHalf-Blood Prince
58%
The Worst BirthdayChamber of Secrets
53%
The Sorting Hat's New SongOrder of the Phoenix
47%
The Only One He Ever FearedOrder of the Phoenix
45%
The Prince's TaleDeathly Hallows
41%
The Beetle at BayOrder of the Phoenix
34%
The BeginningGoblet of Fire
23%

Score Distribution

Percentile by Number Answered

Percent of People with Each Score

Your Score History

You have not taken this quiz